Les Pokémon ours - Statistiques

Statistiques générales
  • Ce quiz a été pris 36 fois
  • Le résultat moyen est 10 sur 14
Statistiques - réponses
Type de quiz Pokémon % Correct
normal Teddiursa
91%
normal Ursaring
91%
normal / combat Chelours
85%
combat Pandespiègle
85%
glace Polagriffe
85%
glace Polarhume
85%
sol / normal Ursaking
85%
combat / ténèbres Pandarbare
79%
combat / ténèbres OU combat / eau Shifours
79%
normal / combat Nounourson
73%
combat Wushours
67%
normal Ronflex
42%
normal Goinfrex
30%
normal Spinda
24%
Aucun quiz correspondant
Distribution des résultats
% des personnes avec chaque résultat
Percentile par nombre de réponses
Votre historique - résultats
Vous n’avez pas pris ce quiz